000 00249nam a2200109Ia 4500
008 190216s9999||||xx |||||||||||||| ||und||
100 _aMahajan V S
245 0 _aCommercial Essay
260 _bShailendra Prakashan
650 _aEnglish
942 _cBK
999 _c13097
_d13097